000 00303nam a22001217a 4500
050 _aPR 6053
_b.O52 C6
100 _a Cookson, Catherine
245 _aThe whip
260 _aNewyorkP:
_bSummit books,
_c1983.
300 _a370p.
650 _bGreat Britain
_vWorking class
_xFamilies
942 _2lcc
_cGEN
999 _c10682
_d10682